000 00461nam a2200157 4500
001 111923
003 ES-MaACL
005 20230906185403.0
007 t|
008 061121s1972 sp r ||||1| cat d
100 1 _aOrobitg y Carné, Norberto.
_987312
245 1 3 _aLa llum fa nosa
_b: novel-la /
_cNorberto Orobitg y Carné.
260 _aTárrega :
_bF. Camps Calmet,
_c1972.
300 _a259 p. :
_bil. ;
_c21 cm.
852 _aES-MaACL
_jC-47979
_bR.82036
999 _c111923
_d111923